000 008230000a22002290004500
001 1655
090 _a1655
100 _a20010802d1971 m y0pory5003 ba
101 0 _apor
102 _aBR
200 1 _aO faroleiro e outros contos
_fHenryk Sienkiewicz
_gtrad. Lúcia Benedetti
_gil. Géza Heller
210 _aRio de Janeiro
_cOpera Mundi
_d1971
215 _a244, [1] p.
_cil
225 2 _aBiblioteca dos prémios Nobel de literatura
_v6
300 _aPrémio Nobel de 1905
304 _aTít. orig.: Latarnik; Janko Muzykant; Bartek Zwyciezca; Sachem; PóJdzmy za nim!
675 _a821.162.1-34
_vBN
_zpor
700 1 _aSienkiewicz
_bHenryk
702 1 _99572
_4730
_aBenedetti
_bLúcia
702 _924161
_4440
_aHeller
_bGéza
942 _cMON
_n0
999 _a1655
_bBibliobase - BMTAV
_c2019-01-21